000 00550nam a2200217Ia 4500
005 20250505124846.0
008 008 250505s9999 xx 000 0 hin d
037 _aTextbook
040 _aLCO
_bhin
_cLCO
041 _ahin
_2hin
084 _aZ2,181 Q9
_qLCO
100 _aSingh, Avtar
245 0 _acompany Vidhi
_cAvtar Singh
250 _a10th
260 _aLucknow, India
_bEastern Book Company
_c2019
300 _a583
365 _aINR
_b595
650 _aLaw
942 _cTB
_hZ2,181 Q9
999 _c1310414
_d1310414